Osobitná sadzba dane v roku 1998

Príjmy, na ktoré sa vzťahuje osobitná sadzba dane, sú uvedené v par. 36 zákona č. 286/1996 Zb. o daniach z príjmov v znení neskorších predpisov. Zdaňovanie daňových nerezidentov. Zdaňovanie daňových rezidentov. Sadzby dane.

Salvato in:
Dettagli Bibliografici
Autore principale: Fekete, Imrich
Natura: Capitolo di libro
Lingua:slovacco
Soggetti:
Tags: Aggiungi Tag
Nessun Tag, puoi essere il primo ad aggiungerne!!

MARC

LEADER 00000naa a2200000 4500
001 r030899
005 20230926072126.2
041 0 |a slo 
044 |a SK 
245 1 0 |a Osobitná sadzba dane v roku 1998  |c Imrich Fekete 
520 |a Príjmy, na ktoré sa vzťahuje osobitná sadzba dane, sú uvedené v par. 36 zákona č. 286/1996 Zb. o daniach z príjmov v znení neskorších predpisov. Zdaňovanie daňových nerezidentov. Zdaňovanie daňových rezidentov. Sadzby dane. 
610 2 0 |a dane z príjmov 
610 2 0 |a daňovníci 
610 2 0 |a zákony 
610 2 0 |a zdaňovanie 
610 2 0 |a sadzby daňové 
610 2 0 |a povinnosť daňová 
100 1 |a Fekete, Imrich